| 000 | 00787nam a2200301 b 4500 | ||
|---|---|---|---|
| 001 | 01861315 | ||
| 003 | DO-SdBNP | ||
| 005 | 20180122100412.0 | ||
| 007 | 01861315 | ||
| 008 | 030620s2003 sp | ||| ||spa | ||
| 016 | 7 |
_a _2BPMSU |
|
| 017 |
_a _b |
||
| 020 | _a843970979X | ||
| 035 | _a | ||
| 040 |
_aBPMSU _bspa _cBPMSU _e |
||
| 041 | 1 |
_aspa _h |
|
| 080 | 0 | _a | |
| 100 | 1 |
_aSebold, Alice _d1962- |
|
| 240 | 1 | 4 |
_aThe lovely bones _lespañol |
| 245 | 1 | 0 |
_aDesde mi cielo / _cAlice Sebold ; traducción de Aurora Echevarría _h |
| 250 | _a | ||
| 260 |
_a[Barcelona] _bMondadori _c2003 |
||
| 300 |
_a329 p. ; _c21 cm |
||
| 700 |
_4Echevarría, Aurora _etr. |
||
| 942 |
_2ddc _cBK |
||
| 945 | _ainventariado, 2018 / dg | ||
| 956 |
_aVMATEO _210 _320160420 _6BPMSU _80069 |
||
| 999 |
_c9868 _d9868 |
||